LEADER 00668nab a2200145 i 4500 001 000000264891 003 CaOOAMICUS 005 20060821000000.0 008 060821n xx uu u0 0und r 013 $a7771 040 $aSeMil$bita 245 10$aHommage au Professeur Jean Pirotte à l'occasion de son Éméritat [Bulletin de participation à l'hommage]. 700 1 $aPirotte, Jean.$0(OLS)http://semarc/name/21967 773 0 $t[2006 : Avril-Juin = April-Juni].$dLouvain-la-Neuve = Leuven : Bureaux de la RHE, 2006.$w()152629 996 $6245$aHommage au Professeur Jean Pirotte à l'occasion de son Éméritat [Bulletin de participation à l'hommage].$9(OLS)http://semarc/title/357179 LEADER 00629naa a2200157 i 4500 001 000000295012 003 CaOOAMICUS 005 20180831172517.0 008 180831n xx u000 u und u 013 $a2311 040 $aSeMil$bita 100 1 $aAssi, Enrico .$0(OLS)http://semarc/name/20714 245 12$aI significati religiosi della presenza dei cattolici nella Resistenza. 650 4$aResistenza - Italia.$0(OLS)http://semarc/subject/16845 773 0 $tAtti del Convegno.$d[S.l. : s.n.], stampa 1988$w()35192 996 $6245$aI significati religiosi della presenza dei cattolici nella Resistenza$9(OLS)http://semarc/title/371082 LEADER 01198nam a2200241 i 4500 001 000000243468 003 CaOOAMICUS 005 20230426122932.0 008 150707s1767 it u000 u ita u 026 $as-ni e-do rozi OvIl (3) 1767 (R) 040 $aSeMil$bita 245 00$aAtti di San Girolamo Miani fondatore della Congregazione di Somasca descritti da varj autori in verso italiano e pubblicati nella sua canonizzazione. 260 $aIn Bergamo :$bPer Francesco Locatelli,$c1767. 300 $aXV, [1], 271, [1] p. ;$c4°. 500 $aFregi xilogr. 500 $aSegn.: *-2*4 A-2L4 600 04$aGirolamo : Emiliani (Miani) .$0(OLS)http://semarc/subject/9304 700 1 $aLocatelli, Francesco,$c.$0(OLS)http://semarc/name/8607 850 $aSeMil 852 $aSeMil$W1$xVenegono$y1$m3F IV 144 FA$j193814$B193814$CSeMilBibl$Z2$F204518 $8I 996 $6245$aAtti di San Girolamo Miani fondatore della Congregazione di Somasca descritti da varj autori in verso italiano e pubblicati nella sua canonizzazione$9(OLS)http://semarc/title/345316 996 $6260$aIn Bergamo :$bPer Francesco Locatelli$9(OLS)http://semarc/publisher/40455